LEADER 00876nam0-22002771i-450- 001 990001676150403321 005 20050929111358.0 035 $a000167615 035 $aFED01000167615 035 $a(Aleph)000167615FED01 035 $a000167615 100 $a20030910d1875----km-y0itay50------ba 101 0 $aita 200 1 $aDecreto e regolamento sulla medicina veterinaria di Torino, Milano e Napoli -7 marzo 1875 n. 2433$fItalia 210 $aTorino$cStamp. Gazzetta del Popolo$d1875 215 $a24 p.$d16 cm 610 0 $aSalute pubblica 676 $a352.4 710 01$aItalia$0423419 801 0$aIT$bUNINA$gRICA$2UNIMARC 901 $aBK 912 $a990001676150403321 952 $a60 340 C 155$b4295$fFAGBC 959 $aFAGBC 996 $aDecreto e regolamento sulla medicina veterinaria di Torino, Milano e Napoli -7 marzo 1875 n. 2433$9371134 997 $aUNINA LEADER 01091nam--2200361---450- 001 990001854960203316 005 20080826121320.0 035 $a000185496 035 $aUSA01000185496 035 $a(ALEPH)000185496USA01 035 $a000185496 100 $a20040715d1980----km-y0itay0103----ba 101 0 $aita 102 $aIT 105 $aa|||||||001yy 200 1 $aRaffaele D'Anna : rassegna antologica$eMarcianise, chiostro S. Pasquale, 11-18 settembre 1980 210 $aMarcianise$cAmministrazione Comunale$d1980 215 $a[8] c.$cill.$d33 cm 410 0$12001 454 1$12001 461 1$1001-------$12001 606 0 $aEsposizioni$xMarcianise$z1980 676 $a730.74 801 0$aIT$bsalbc$gISBD 912 $a990001854960203316 951 $aXV.1.C. Misc. 94(VII E Misc. coll.1/2)$b90617 L.M.$cXV.1 959 $aBK 969 $aUMA 979 $aSIAV3$b10$c20040715$lUSA01$h1442 979 $aSIAV3$b10$c20040715$lUSA01$h1443 979 $aCAPRIOLO$b90$c20080826$lUSA01$h1213 996 $aRaffaele D'Anna : rassegna antologica$9956104 997 $aUNISA